[Event "Cardiff Welsh op"]
[Site "Cardiff"]
[Date "2023.04.10"]
[Round "6"]
[White "Stuart, Neil"]
[Black "Wu, Yuxuan1"]
[Result "0-1"]
[WhiteElo "1746"]
[BlackElo "1577"]
[PlyCount "80"]
[EventDate "2023.04.07"]
[EventType "swiss"]
[EventRounds "7"]
[EventCountry "WLS"]
[SourceTitle "EXT 2024"]
[Source "ChessBase"]
[SourceDate "2023.10.10"]
[SourceVersion "1"]
[SourceVersionDate "2023.10.10"]
[SourceQuality "1"]

1. d4 Nf6 2. Nf3 e6 3. c4 Bb4+ 4. Bd2 a5 5. g3 d6 6. Bg2 Nbd7 7. 0-0 e5 8. Qc2 Bxd2 9. Nbxd2 0-0 10. Rfe1 Qe7 11. Rac1 c6 12. e4 a4 13. b4 c5 14. bxc5 dxc5 15. d5 Ne8 16. Nh4 g6 17. Bh3 Nd6 18. Nf1 Nb6 19. Bxc8 Rfxc8 20. Ne3 a3 21. Nf3 Nd7 22. Rb1 Nf6 23. Nd2 h5 24. Ng2 Rcb8 25. Qc3 Ra4 26. f4 Nd7 27. Nh4 Kh7 28. Nhf3 f6 29. Rf1 Rg8 30. Qd3 Rg7 31. Rbe1 Kg8 32. fxe5 Nxe5 33. Nxe5 fxe5 34. Rf3 Rf7 35. Ref1 Rxf3 36. Rxf3 Qg5 37. Nb3 Rxc4 38. Qf1 Rc2 39. Rf8+ Kg7 40. Rd8 Qxd8 0-1

[Event "Cardiff Welsh op"]
[Site "Cardiff"]
[Date "2023.04.08"]
[Round "4"]
[White "Fowler, Caspian"]
[Black "Stuart, Neil"]
[Result "1/2-1/2"]
[WhiteElo "1546"]
[BlackElo "1746"]
[PlyCount "54"]
[EventDate "2023.04.07"]
[EventType "swiss"]
[EventRounds "7"]
[EventCountry "WLS"]
[SourceTitle "EXT 2024"]
[Source "ChessBase"]
[SourceDate "2023.10.10"]
[SourceVersion "1"]
[SourceVersionDate "2023.10.10"]
[SourceQuality "1"]

1. e4 c5 2. c3 Nf6 3. e5 Nd5 4. d4 cxd4 5. Nf3 Nc6 6. cxd4 e6 7. Bc4 Nb6 8. Bb3 d6 9. 0-0 dxe5 10. dxe5 Bd7 11. Nc3 Na5 12. Bc2 Qc7 13. Bf4 Rd8 14. Qe2 Qc4 15. Qxc4 Nbxc4 16. b3 Nb6 17. Ne4 Nd5 18. Bg5 Rc8 19. Rac1 Ba3 20. Nd6+ Bxd6 21. exd6 0-0 22. Be4 f6 23. Bd2 Nc6 24. Bxd5 exd5 25. Rfe1 Rfe8 26. Bc3 Kf7 27. h3 Re6 1/2-1/2

[Event "Cardiff Welsh op"]
[Site "Cardiff"]
[Date "2023.04.07"]
[Round "1"]
[White "Stuart, Neil"]
[Black "Enoch, Stuart"]
[Result "1-0"]
[WhiteElo "1746"]
[BlackElo "1390"]
[PlyCount "21"]
[EventDate "2023.04.07"]
[EventType "swiss"]
[EventRounds "7"]
[EventCountry "WLS"]
[SourceTitle "EXT 2024"]
[Source "ChessBase"]
[SourceDate "2023.10.10"]
[SourceVersion "1"]
[SourceVersionDate "2023.10.10"]
[SourceQuality "1"]

1. d4 c5 2. d5 e5 3. e4 Nf6 4. Bg5 d6 5. Bd3 Be7 6. c4 a5 7. Nc3 Nxe4 8. Nxe4 Bxg5 9. Qh5 Be7 10. h4 0-0 11. Nf6+ 1-0

[Event "West Wales Major op"]
[Site "Swansea"]
[Date "2019.10.13"]
[Round "5"]
[White "Stuart, Neil"]
[Black "Parri, Deio"]
[Result "1/2-1/2"]
[WhiteElo "1660"]
[BlackElo "1659"]
[PlyCount "57"]
[EventDate "2019.10.11"]
[EventType "swiss"]
[EventRounds "5"]
[EventCountry "WLS"]
[SourceTitle "EXT 2022"]
[Source "ChessBase"]
[SourceDate "2021.10.06"]
[SourceVersion "1"]
[SourceVersionDate "2021.10.06"]
[SourceQuality "1"]

1. d4 d5 2. c4 c6 3. Nf3 Nf6 4. Nc3 e6 5. Bg5 Be7 6. e3 0-0 7. cxd5 cxd5 8. Bd3 Nbd7 9. 0-0 Re8 10. Qe2 Nf8 11. Rac1 Ng6 12. Nb5 Rf8 13. Qc2 a6 14. Nc3 Bd7 15. Qb3 b5 16. Bxg6 hxg6 17. Ne5 Bd6 18. Nd3 Qe7 19. Ne2 Rfe8 20. Bf4 Ne4 21. Bxd6 Qxd6 22. Qb4 Qb6 23. Rfd1 a5 24. Qe1 b4 25. f3 Nf6 26. Nc5 Bb5 27. Nf4 Nd7 28. Nxd7 Bxd7 29. Nd3 1/2-1/2

[Event "Tom Weston Major op"]
[Site "Cardiff"]
[Date "2018.04.02"]
[Round "7"]
[White "Thomas, Roy"]
[Black "Stuart, Neil"]
[Result "1-0"]
[WhiteElo "1701"]
[BlackElo "1737"]
[PlyCount "41"]
[EventDate "2018.03.30"]
[EventType "swiss"]
[EventRounds "7"]
[EventCountry "WLS"]
[SourceTitle "EXT 2020"]
[Source "ChessBase"]
[SourceDate "2019.10.17"]
[SourceVersion "1"]
[SourceVersionDate "2019.10.17"]
[SourceQuality "1"]

1. f4 Nf6 2. Nf3 d5 3. e3 g6 4. Be2 Bg7 5. 0-0 0-0 6. d3 c5 7. Nc3 Nc6 8. e4 dxe4 9. dxe4 Bg4 10. e5 Nd7 11. h3 Bxf3 12. Bxf3 Rb8 13. Be3 Qc8 14. Rf2 g5 15. Be4 gxf4 16. Qh5 f5 17. Bd5+ Kh8 18. Rxf4 Ncxe5 19. Rh4 h6 20. Bxh6 Qe8 21. Bxg7+ 1-0

[Event "Bridgend South Wales op"]
[Site "Bridgend"]
[Date "2018.01.07"]
[Round "5"]
[White "Jukes, Sam"]
[Black "Stuart, Neil"]
[Result "1-0"]
[WhiteElo "1740"]
[BlackElo "1740"]
[PlyCount "83"]
[EventDate "2018.01.05"]
[EventType "swiss"]
[EventRounds "5"]
[EventCountry "WLS"]
[SourceTitle "CBM 182 Extra"]
[Source "ChessBase"]
[SourceDate "2018.02.23"]
[SourceVersion "1"]
[SourceVersionDate "2018.02.23"]
[SourceQuality "1"]

1. e4 c5 2. d4 cxd4 3. c3 e5 4. cxd4 exd4 5. Qxd4 Nc6 6. Qd1 Nf6 7. Nc3 Bb4 8. Bd3 d5 9. exd5 Nxd5 10. Nge2 0-0 11. 0-0 Be6 12. Nxd5 Qxd5 13. Nf4 Qe5 14. a3 Ba5 15. Nxe6 Qxe6 16. b4 Bb6 17. Bb2 Rad8 18. Qf3 Ne5 19. Bxh7+ Kxh7 20. Qh5+ Kg8 21. Qxe5 Qxe5 22. Bxe5 Rfe8 23. Rfe1 Rd3 24. Kf1 f6 25. Bf4 Rc8 26. Be3 Rcc3 27. Bxb6 axb6 28. Re7 Rc2 29. Re2 Rcc3 30. Rea2 Rb3 31. Ke2 Rdc3 32. Rd1 Rxa3 33. Rxa3 Rxa3 34. Rd6 Ra2+ 35. Kf3 Ra3+ 36. Kg4 Ra2 37. Kg3 Ra3+ 38. f3 Re3 39. Rxb6 Re7 40. h4 Kh7 41. Kf4 g6 42. Rxf6 1-0

[Event "Bridgend South Wales op"]
[Site "Bridgend"]
[Date "2018.01.07"]
[Round "4"]
[White "Stuart, Neil"]
[Black "Waterfield, John"]
[Result "0-1"]
[WhiteElo "1740"]
[BlackElo "1925"]
[PlyCount "92"]
[EventDate "2018.01.05"]
[EventType "swiss"]
[EventRounds "5"]
[EventCountry "WLS"]
[SourceTitle "CBM 182 Extra"]
[Source "ChessBase"]
[SourceDate "2018.02.23"]
[SourceVersion "1"]
[SourceVersionDate "2018.02.23"]
[SourceQuality "1"]

1. d4 Nf6 2. Nf3 c5 3. c4 cxd4 4. Nxd4 e5 5. Nc2 d5 6. cxd5 Qxd5 7. Nc3 Qxd1+ 8. Nxd1 Be7 9. g3 Bf5 10. Nce3 Be4 11. Bg2 Bxg2 12. Nxg2 Bb4+ 13. Nc3 Ne4 14. Bd2 Bxc3 15. Bxc3 Nxc3 16. bxc3 Nc6 17. 0-0 Ke7 18. Rab1 b6 19. Ne3 Rhd8 20. Rfd1 Ke6 21. Kf1 f5 22. c4 Rxd1+ 23. Rxd1 Rc8 24. f4 Nb4 25. fxe5 Kxe5 26. a3 Ke4 27. Kf2 Na6 28. Rd5 g6 29. Rd6 Rc7 30. h4 Rf7 31. Ng2 Ke5 32. Rd5+ Kf6 33. Kf3 Rc7 34. Ne3 Ke6 35. Kf4 Rxc4+ 36. Nxc4 Kxd5 37. Ne5 Nc5 38. Nf3 Ne4 39. g4 fxg4 40. Kxg4 b5 41. Ng5 a5 42. Kf3 Nxg5+ 43. hxg5 b4 44. axb4 axb4 45. Ke3 Kc4 46. Kd2 Kd4 0-1

[Event "Tom Weston Major op"]
[Site "Cardiff"]
[Date "2017.04.17"]
[Round "7"]
[White "Probert, Malcolm"]
[Black "Stuart, Neil"]
[Result "0-1"]
[WhiteElo "1592"]
[BlackElo "1762"]
[PlyCount "78"]
[EventDate "2017.04.14"]
[EventType "swiss"]
[EventRounds "7"]
[EventCountry "WLS"]
[SourceTitle "EXT 2019"]
[Source "ChessBase"]
[SourceDate "2018.10.10"]
[SourceVersion "1"]
[SourceVersionDate "2018.10.10"]
[SourceQuality "1"]

1. Nf3 Nf6 2. g3 d5 3. d4 c6 4. Bg2 Bf5 5. 0-0 e6 6. c4 Be7 7. Nc3 0-0 8. Qb3 Qb6 9. Qxb6 axb6 10. cxd5 exd5 11. Nd2 Nbd7 12. e4 dxe4 13. Ndxe4 Rfe8 14. Nxf6+ Nxf6 15. a3 Rad8 16. Rd1 Bc2 17. Re1 Kf8 18. Be3 Bb3 19. h3 Nd5 20. Nxd5 Bxd5 21. Bxd5 Rxd5 22. f4 f5 23. Kf2 Bf6 24. Rad1 Red8 25. Ke2 Bxd4 26. Bxd4 Rxd4 27. Rxd4 Rxd4 28. Rc1 Ke7 29. Rc3 Kd6 30. Ke3 Kd5 31. Rb3 b5 32. Rd3 Rxd3+ 33. Kxd3 c5 34. b3 c4+ 35. Kc3 Kc5 36. g4 fxg4 37. hxg4 h6 38. g5 hxg5 39. fxg5 g6 0-1

[Event "Tom Weston Major op"]
[Site "Cardiff"]
[Date "2017.04.15"]
[Round "3"]
[White "Summers, Charles B"]
[Black "Stuart, Neil"]
[Result "1-0"]
[WhiteElo "1926"]
[BlackElo "1762"]
[PlyCount "65"]
[EventDate "2017.04.14"]
[EventType "swiss"]
[EventRounds "7"]
[EventCountry "WLS"]
[SourceTitle "EXT 2019"]
[Source "ChessBase"]
[SourceDate "2018.10.10"]
[SourceVersion "1"]
[SourceVersionDate "2018.10.10"]
[SourceQuality "1"]

1. d4 d5 2. e4 dxe4 3. Nc3 Nf6 4. f3 e3 5. Bxe3 c6 6. Qd2 e6 7. Bd3 Bb4 8. Nge2 Nbd7 9. a3 Ba5 10. Bg5 h6 11. Bh4 g5 12. Bg3 Bc7 13. 0-0-0 Nh5 14. Bxc7 Qxc7 15. Ne4 Nf4 16. h4 Nxe2+ 17. Bxe2 Qf4 18. hxg5 Qxd2+ 19. Rxd2 h5 20. g3 e5 21. dxe5 Nxe5 22. Nf6+ Ke7 23. Rxh5 Be6 24. Rd4 Rxh5 25. Nxh5 c5 26. Re4 Kd6 27. Nf6 Rh8 28. Rh4 Rd8 29. Ne4+ Kc6 30. Rh6 Kd5 31. Nf6+ Kd4 32. Rh4+ Ng4 33. Nxg4 1-0

[Event "South Wales New Year op-B"]
[Site "Bridgend"]
[Date "2017.01.08"]
[Round "4"]
[White "Stuart, Neil"]
[Black "Donovan, Edward"]
[Result "0-1"]
[WhiteElo "1718"]
[BlackElo "1742"]
[PlyCount "87"]
[EventDate "2017.01.06"]
[EventType "swiss"]
[EventRounds "5"]
[EventCountry "WLS"]
[SourceTitle "EXT 2019"]
[Source "ChessBase"]
[SourceDate "2018.10.10"]
[SourceVersion "1"]
[SourceVersionDate "2018.10.10"]
[SourceQuality "1"]

1. d4 Nf6 2. Nf3 e6 3. c4 Bb4+ 4. Bd2 Qe7 5. g3 Nc6 6. Bg2 Bxd2+ 7. Qxd2 Ne4 8. Qc2 Qb4+ 9. Nc3 Nxc3 10. Qxc3 Qxc3+ 11. bxc3 d6 12. 0-0 0-0 13. Rab1 Rb8 14. Nd2 Na5 15. e4 b6 16. Rfe1 Ba6 17. Bf1 e5 18. Rbc1 f5 19. exf5 Rxf5 20. Bd3 Rf6 21. dxe5 dxe5 22. Rxe5 Rd6 23. Bxh7+ Kxh7 24. Ne4 Rd7 25. c5 Bb7 26. Ng5+ Kg8 27. Rce1 g6 28. Re6 Kg7 29. h4 Rbd8 30. Re7+ Rxe7 31. Rxe7+ Kf6 32. Rf7+ Ke5 33. f4+ Kd5 34. Rxc7 Rc8 35. Rg7 Rc6 36. cxb6 Rxb6 37. Nf7 Rb1+ 38. Kf2 Rb2+ 39. Ke3 Nc4+ 40. Kf3 Ke6+ 41. Kg4 Kf6 42. Rh7 Ne3+ 43. Kh3 Bg2+ 44. Kh2 0-1

[Event "South Wales New Year op-B"]
[Site "Bridgend"]
[Date "2017.01.07"]
[Round "3"]
[White "Cooke, Thomas Daniel"]
[Black "Stuart, Neil"]
[Result "1/2-1/2"]
[WhiteElo "1527"]
[BlackElo "1718"]
[PlyCount "68"]
[EventDate "2017.01.06"]
[EventType "swiss"]
[EventRounds "5"]
[EventCountry "WLS"]
[SourceTitle "EXT 2019"]
[Source "ChessBase"]
[SourceDate "2018.10.10"]
[SourceVersion "1"]
[SourceVersionDate "2018.10.10"]
[SourceQuality "1"]

1. e4 c5 2. Nf3 e6 3. d4 cxd4 4. Nxd4 Nf6 5. Nc3 d6 6. Bd3 Nc6 7. Be3 Be7 8. 0-0 0-0 9. f4 Bd7 10. Nxc6 bxc6 11. e5 Nd5 12. Nxd5 cxd5 13. Qh5 g6 14. Qg4 Rb8 15. b3 Qc7 16. exd6 Bxd6 17. Qh4 Bc5 18. Bxc5 Qxc5+ 19. Rf2 Bb5 20. Bxb5 Rxb5 21. Raf1 Rb4 22. Qg5 Re4 23. Kh1 f6 24. Qg3 Re3 25. Qg4 Qd4 26. h4 Qe4 27. Kh2 Rc8 28. Qd1 Rcc3 29. Rd2 Kg7 30. Qc1 Qf5 31. Qa3 Qg4 32. Qe7+ Kh6 33. Rd3 Qxh4+ 34. Kg1 Rexd3 1/2-1/2

[Event "South Wales New Year op-B"]
[Site "Bridgend"]
[Date "2017.01.07"]
[Round "2"]
[White "Stuart, Neil"]
[Black "Smith, George"]
[Result "1-0"]
[WhiteElo "1718"]
[BlackElo "1443"]
[PlyCount "71"]
[EventDate "2017.01.06"]
[EventType "swiss"]
[EventRounds "5"]
[EventCountry "WLS"]
[SourceTitle "EXT 2019"]
[Source "ChessBase"]
[SourceDate "2018.10.10"]
[SourceVersion "1"]
[SourceVersionDate "2018.10.10"]
[SourceQuality "1"]

1. d4 f5 2. g3 Nf6 3. Bg2 g6 4. Nf3 Bg7 5. 0-0 0-0 6. c4 d6 7. Nc3 c6 8. d5 e5 9. dxe6 Bxe6 10. Qb3 Qc7 11. Ng5 Bf7 12. Nxf7 Rxf7 13. Bf4 Nh5 14. Be3 h6 15. Rad1 Kh7 16. Bf3 Nf6 17. Bf4 Rd7 18. c5 Na6 19. cxd6 Qc8 20. Qc4 Ne8 21. e4 fxe4 22. Bg4 e3 23. fxe3 b5 24. Nxb5 Nf6 25. Bxd7 Nxd7 26. Nc7 Nxc7 27. dxc7 Ne5 28. Bxe5 Bxe5 29. Rd8 Qxd8 30. cxd8Q Rxd8 31. Qxc6 Rg8 32. Rf7+ Bg7 33. Rxa7 Rb8 34. Qd7 Rg8 35. b4 Kh8 36. b5 1-0

[Event "WLS-ch Seniors 2nd"]
[Site "Cardiff "]
[Date "2016.09.24"]
[Round "8"]
[White "Heaven, Peter"]
[Black "Stuart, Neil"]
[Result "1-0"]
[WhiteElo "2015"]
[BlackElo "1900"]
[PlyCount "39"]
[EventDate "2016.09.17"]
[EventType "tourn"]
[EventRounds "9"]
[EventCountry "WLS"]
[SourceTitle "CBM 174 Extra"]
[Source "ChessBase"]
[SourceDate "2016.10.10"]
[SourceVersion "1"]
[SourceVersionDate "2016.10.10"]
[SourceQuality "1"]

1. e4 c5 2. Nf3 e6 3. d4 cxd4 4. Nxd4 Nf6 5. Nc3 Bb4 6. Bd3 d5 7. e5 Nfd7 8. Qg4 0-0 9. Bh6 g6 10. Bxf8 Bxf8 11. f4 Qb6 12. Nde2 Nc5 13. 0-0-0 Nc6 14. h4 Bd7 15. h5 Nxd3+ 16. Rxd3 Na5 17. hxg6 fxg6 18. Nxd5 exd5 19. Qxd7 Bg7 20. Qxd5+ 1-0

[Event "WLS-ch Seniors 2nd"]
[Site "Cardiff "]
[Date "2016.09.22"]
[Round "6"]
[White "Taylor, Robert Graham"]
[Black "Stuart, Neil"]
[Result "1-0"]
[WhiteElo "1943"]
[BlackElo "1900"]
[PlyCount "93"]
[EventDate "2016.09.17"]
[EventType "tourn"]
[EventRounds "9"]
[EventCountry "WLS"]
[SourceTitle "CBM 174 Extra"]
[Source "ChessBase"]
[SourceDate "2016.10.10"]
[SourceVersion "1"]
[SourceVersionDate "2016.10.10"]
[SourceQuality "1"]

1. e4 c5 2. Nc3 e6 3. Nf3 Nc6 4. g3 a6 5. Bg2 Nge7 6. 0-0 Qc7 7. d3 d6 8. Be3 Bd7 9. Ne2 Ng6 10. h3 Be7 11. Ne1 Bf6 12. c3 0-0 13. f4 b5 14. h4 Rfe8 15. h5 Nf8 16. g4 e5 17. f5 h6 18. Nf3 Nh7 19. Qd2 Qd8 20. Rad1 Ng5 21. Nxg5 Bxg5 22. Ng3 Bxe3+ 23. Qxe3 Qf6 24. Rd2 Rad8 25. Rfd1 Qh4 26. Qf3 Qg5 27. Bh3 Qf6 28. Rg2 a5 29. Nf1 Qg5 30. Ne3 f6 31. Qg3 Rf8 32. Nf1 Be8 33. Nd2 Bf7 34. a3 d5 35. Re1 dxe4 36. Nxe4 Qf4 37. Nxc5 Bd5 38. Qxf4 exf4 39. Rf2 f3 40. Ne6 Rfe8 41. d4 Rb8 42. Rd1 Rbc8 43. Bf1 Kf7 44. Bxb5 Bxe6 45. fxe6+ Kxe6 46. Bxc6 Rxc6 47. d5+ 1-0

[Event "WLS-ch 61st"]
[Site "Cardiff"]
[Date "2015.04.04"]
[Round "3"]
[White "Lewis, David Rhys"]
[Black "Stuart, Neil"]
[Result "1-0"]
[WhiteElo "1897"]
[BlackElo "1940"]
[PlyCount "59"]
[EventDate "2015.04.03"]
[EventType "swiss"]
[EventRounds "7"]
[EventCountry "WLS"]
[SourceTitle "CBM 165 Extra"]
[Source "ChessBase"]
[SourceDate "2015.04.21"]
[SourceVersion "1"]
[SourceVersionDate "2015.04.21"]
[SourceQuality "1"]

1. e4 c5 2. Nc3 e6 3. f4 Nc6 4. Nf3 Nge7 5. Bc4 d5 6. Bb5 d4 7. Ne2 a6 8. Bxc6+ Nxc6 9. d3 Be7 10. 0-0 0-0 11. c4 b5 12. b3 Bd7 13. e5 f6 14. exf6 Bxf6 15. Ng3 e5 16. Ne4 exf4 17. Nxc5 bxc4 18. bxc4 Bg4 19. Qa4 Qc7 20. Ba3 Rfe8 21. Ne4 Rxe4 22. dxe4 d3 23. Rad1 Nd4 24. Rxd3 Ne2+ 25. Kf2 Bxf3 26. gxf3 Nd4 27. Rfd1 Qb6 28. c5 Bh4+ 29. Kf1 Qb5 30. Qxd4 1-0

[Event "WLS-ch Major"]
[Site "Cardiff"]
[Date "2005.03.27"]
[Round "4"]
[White "Stuart, Neil"]
[Black "Thomas, K."]
[Result "0-1"]
[WhiteElo "1813"]
[BlackElo "1920"]
[PlyCount "70"]
[EventDate "2005.03.25"]
[EventType "swiss"]
[EventRounds "7"]
[EventCountry "WLS"]
[SourceTitle "EXT 2006"]
[Source "ChessBase"]
[SourceDate "2005.11.24"]
[SourceVersion "1"]
[SourceVersionDate "2005.11.24"]
[SourceQuality "1"]

1. e4 e5 2. Bc4 Bc5 3. Nf3 d6 4. c3 Nf6 5. d3 Nc6 6. Nbd2 a5 7. Qe2 0-0 8. 0-0 Ne7 9. d4 exd4 10. cxd4 Ba7 11. Bb3 Bg4 12. h3 Bh5 13. g4 Bg6 14. Re1 Nc6 15. d5 Nd4 16. Nxd4 Bxd4 17. Nf3 Bb6 18. Bg5 Qd7 19. Bxf6 gxf6 20. Nh4 Rae8 21. Bc2 Re5 22. Kg2 Rfe8 23. Qc4 Rg5 24. f3 h5 25. Nxg6 fxg6 26. Ba4 Qc8 27. Bxe8 hxg4 28. fxg4 Rxg4+ 29. Kf3 Rh4 30. Rh1 Qxe8 31. Rae1 Qe5 32. Qc3 Qf4+ 33. Ke2 Qxe4+ 34. Kd1 Qxd5+ 35. Kc1 Rc4 0-1

[Event "WLS-ch 50th"]
[Site "Cardiff"]
[Date "2004.04.12"]
[Round "6"]
[White "Stuart, Neil"]
[Black "Ralphs, Nigel"]
[Result "0-1"]
[WhiteElo "1807"]
[BlackElo "2001"]
[PlyCount "62"]
[EventDate "2004.04.09"]
[EventType "swiss"]
[EventRounds "7"]
[EventCountry "WLS"]
[SourceTitle "EXT 2006"]
[Source "ChessBase"]
[SourceDate "2005.11.24"]
[SourceVersion "1"]
[SourceVersionDate "2005.11.24"]
[SourceQuality "1"]

1. c4 c5 2. Nc3 Nc6 3. Nf3 g6 4. g3 Bg7 5. Bg2 e6 6. 0-0 Nge7 7. e3 0-0 8. d4 cxd4 9. exd4 d5 10. c5 Nf5 11. Ne2 b6 12. Bg5 Qc7 13. Bf4 Qb7 14. g4 Nfe7 15. Qd2 bxc5 16. Bd6 cxd4 17. Nfxd4 Rd8 18. Bc5 Nxd4 19. Nxd4 e5 20. Bxe7 Re8 21. Nb3 Qxe7 22. Bxd5 Rb8 23. Qe2 Qh4 24. f3 Bh6 25. Qf2 Qe7 26. Rad1 Bg5 27. Qe2 Bf4 28. Rfe1 Qh4 29. Nd4 Ba6 30. Qg2 exd4 31. Rxe8+ Rxe8 0-1

[Event "South Wales Autumn op"]
[Site "Wales"]
[Date "2003.??.??"]
[Round "5"]
[White "Smith, Olivia"]
[Black "Stuart, Neil"]
[Result "1/2-1/2"]
[WhiteElo "1965"]
[BlackElo "1805"]
[PlyCount "102"]
[EventDate "2003.??.??"]
[EventType "swiss"]
[EventRounds "5"]
[EventCountry "WLS"]
[SourceTitle "EXT 2007"]
[Source "ChessBase"]
[SourceDate "2006.11.23"]
[SourceVersion "1"]
[SourceVersionDate "2006.11.23"]
[SourceQuality "1"]

1. e4 c5 2. Nf3 Nc6 3. d4 cxd4 4. Nxd4 e5 5. Nb5 a6 6. Nd6+ Bxd6 7. Qxd6 Qf6 8. Qxf6 Nxf6 9. Nc3 d5 10. exd5 Nb4 11. Bd3 Nxd3+ 12. cxd3 Bf5 13. 0-0 0-0 14. Rd1 h6 15. f4 exf4 16. Bxf4 Rac8 17. Bxh6 gxh6 18. Rf1 Bxd3 19. Rxf6 Kg7 20. Rb6 Rc7 21. Re1 Rd8 22. Rd1 Bc2 23. Rd2 Bf5 24. d6 Rc6 25. Rxc6 bxc6 26. Rd4 Kf6 27. Ra4 Bd3 28. Rd4 Bf5 29. Kf2 Ke5 30. Ke3 Rxd6 31. Rxd6 Kxd6 32. Kf4 Bg6 33. Ne4+ Kd5 34. Nf6+ Kd4 35. g4 a5 36. Ng8 h5 37. Ne7 c5 38. Nc6+ Kd3 39. gxh5 Bxh5 40. Nxa5 Kc2 41. b3 Kc3 42. Ke5 Kb4 43. Nb7 Bf3 44. a3+ Kxb3 45. Nxc5+ Kxa3 46. Ne4 Kb4 47. Ng5 Bh5 48. Kf6 Kc5 49. Nxf7 Kd5 50. Ne5 Ke4 51. Ng6 Kf3 1/2-1/2

[Event "South Wales Autumn op"]
[Site "Wales"]
[Date "2003.??.??"]
[Round "4"]
[White "Stuart, Neil"]
[Black "Burenkov, Slava"]
[Result "1-0"]
[WhiteElo "1805"]
[BlackElo "2045"]
[PlyCount "45"]
[EventDate "2003.??.??"]
[EventType "swiss"]
[EventRounds "5"]
[EventCountry "WLS"]
[SourceTitle "EXT 2007"]
[Source "ChessBase"]
[SourceDate "2006.11.23"]
[SourceVersion "1"]
[SourceVersionDate "2006.11.23"]
[SourceQuality "1"]

1. e4 c5 2. Nf3 d6 3. Bb5+ Bd7 4. Bxd7+ Qxd7 5. 0-0 Nf6 6. Re1 Nc6 7. c3 g6 8. d4 cxd4 9. cxd4 e5 10. Nc3 h6 11. Be3 exd4 12. Nxd4 Be7 13. Qd2 h5 14. Nxc6 bxc6 15. Rad1 0-0 16. e5 Ne8 17. exd6 Bd8 18. Bh6 Ng7 19. Ne4 Qf5 20. Qc3 f6 21. Qxc6 Bb6 22. d7 Rfd8 23. Rd5 1-0